Your region, your choice: revitalising the English regions (Record no. 70845)

MARC details
000 -LEADER
fixed length control field 00894cam a2200181 4500
001 - CONTROL NUMBER
control field WB3828-13
008 - FIXED-LENGTH DATA ELEMENTS--GENERAL INFORMATION
fixed length control field 020730n2002 000 0 eng u
035 ## - SYSTEM CONTROL NUMBER
System control number (Sirsi) u119099
245 ## - TITLE STATEMENT
Title Your region, your choice: revitalising the English regions
260 ## - PUBLICATION, DISTRIBUTION, ETC.
Date of publication, distribution, etc. 2002
490 ## - SERIES STATEMENT
Series statement Cabinet Office News Release
Volume/sequential designation (CAB 051/02) 9 May 2002, (2)
520 ## - SUMMARY, ETC.
Summary, etc. ODPM has released a white paper "Your region, your choice: revitalising the English Regions" which sets out government plans to decentralise powers and strengthen regional policy. It promotes commitment for directly elected regional assemblies where they are publicly wanted. www.cabinet-office.gov.uk/2002/news/020509_yourregion.htm ODPM White paper www.regions.odpm.gov.uk/governance/whitepaper/index.htm
590 ## - LOCAL NOTE (RLIN)
Local note WB
650 ## - SUBJECT ADDED ENTRY--TOPICAL TERM
Topical term or geographic name entry element REGIONAL ASSEMBLIES
650 ## - SUBJECT ADDED ENTRY--TOPICAL TERM
Topical term or geographic name entry element DECENTRALISATION
690 ## - LOCAL SUBJECT ADDED ENTRY--TOPICAL TERM (OCLC, RLIN)
Topical term or geographic name as entry element LOCAL GOVERNMENT
942 ## - ADDED ENTRY ELEMENTS (KOHA)
Suppress in OPAC 0
Holdings
Withdrawn status Lost status Source of classification or shelving scheme Damaged status Not for loan Home library Current library Shelving location Date acquired Total Checkouts Full call number Barcode Date last seen Copy number Price effective from Koha item type
    Dewey Decimal Classification     London London News article 30/07/2002   WB3828-13 119099-1001 06/08/2019 1 06/08/2019 News article